[Event "Santo Domingo op U2100"]
[Site "Santo Domingo"]
[Date "2015.02.07"]
[Round "3"]
[White "Arvelo Leo, Gian Carlo"]
[Black "Ogando Diaz, Juan Carlos"]
[Result "1-0"]
[WhiteElo "2040"]
[BlackElo "1865"]
[PlyCount "93"]
[EventDate "2015.02.06"]
[EventType "swiss"]
[EventRounds "8"]
[EventCountry "DOM"]
[SourceTitle "CBM 164 Extra"]
[Source "ChessBase"]
[SourceDate "2015.03.02"]
[SourceVersion "1"]
[SourceVersionDate "2015.03.02"]
[SourceQuality "1"]

1. d4 Nf6 2. Nf3 e6 3. c4 c5 4. d5 d6 5. Nc3 a6 6. a4 exd5 7. cxd5 Be7 8. g3 0-0 9. Bg2 Re8 10. 0-0 b6 11. Nd2 Ra7 12. Nc4 h6 13. h3 Bf8 14. e4 Qc7 15. Re1 b5 16. axb5 Nbd7 17. Na5 Nb6 18. Nc6 Ra8 19. b3 Bb7 20. Qd3 axb5 21. Nxb5 Qd7 22. Bb2 Rxa1 23. Rxa1 Ra8 24. Rxa8 Nxa8 25. Nba7 Nc7 26. Qc3 Ba6 27. b4 Nb5 28. Nxb5 Bxb5 29. bxc5 dxc5 30. Ne5 Qa7 31. Nc6 Qa4 32. Qe3 Qd1+ 33. Kh2 c4 34. Bc3 Nd7 35. Qa7 Bc5 36. Qxd7 Qc2 37. Ne7+ Bxe7 38. Qxb5 Qxc3 39. Qe8+ Bf8 40. d6 Kh7 41. Qxf8 Qd4 42. Qe7 c3 43. d7 c2 44. d8Q Qxd8 45. Qxd8 c1Q 46. Qd5 Qc2 47. e5 1-0